| 000 | 00425nam a2200169Ia 4500 | ||
|---|---|---|---|
| 003 | GCL | ||
| 008 | 140319s9999 xx 000 0 eng d | ||
| 040 |
_aGCL / _cGCL |
||
| 082 | 0 | 4 | _a759 G G |
| 100 | 1 | _aGOFFEN,RONA | |
| 245 | 1 | 0 |
_aGIOVANNI BELLINI / _cGOFFEN,RONA |
| 260 |
_a[S.N] : _bYALE UNIVERSITY PRESS |
||
| 300 | _a347 | ||
| 650 | 0 | 4 | _aCRITICISM AND INTER PRETATION |
| 650 | 0 | 4 | _aBELLINI, GIOVANNI |
| 942 |
_2ddc _cBK |
||
| 999 |
_c12592 _d12592 |
||